[Event "I SCS Open GM Chess Tournament"]
[Site "Bhubaneswar IND"]
[Date "2009.06.11"]
[Round "7"]
[White "Serikbay, Temirbayev"]
[Black "Alexander, Zubarev"]
[Result "1/2-1/2"]
[WhiteElo "2458"]
[BlackElo "2566"]
[PlyCount "66"]
[EventDate "2009.06.07"]
[EventType "swiss"]
[EventRounds "10"]
[EventCountry "IND"]
[Source "lmi"]
[SourceDate "2009.06.07"]

1. d4 Nf6 2. c4 e6 3. Nf3 b6 4. g3 Ba6 5. b3 Bb7 6. Bg2 Bb4+ 7. Bd2 c5 8. O-O
O-O 9. Bxb4 cxb4 10. a3 Na6 11. axb4 Nxb4 12. Nc3 d6 13. Qb1 a5 14. Rd1 d5 15.
Ne5 Rc8 16. e4 dxc4 17. bxc4 Ba6 18. c5 bxc5 19. d5 Qd6 20. Nf3 e5 21. Rxa5 Rb8
22. Qa1 Bd3 23. Ne1 c4 24. Qa3 Rfd8 25. Rd2 Ng4 26. h3 Qh6 27. Rd1 Nxf2 28.
Kxf2 Qb6+ 29. Kf3 Qf6+ 30. Ke3 Qb6+ 31. Kf3 Qf6+ 32. Ke3 Qb6+ 33. Kf3 Qf6+
1/2-1/2

[Event "I SCS Open GM Chess Tournament"]
[Site "Bhubaneswar IND"]
[Date "2009.06.11"]
[Round "7"]
[White "S P, Sethuraman"]
[Black "Yuri, Drozdovskij"]
[Result "1/2-1/2"]
[WhiteElo "2451"]
[BlackElo "2603"]
[PlyCount "69"]
[EventDate "2009.06.07"]
[EventType "swiss"]
[EventRounds "10"]
[EventCountry "IND"]
[Source "lmi"]
[SourceDate "2009.06.07"]

1. e4 e6 2. d4 d5 3. Nd2 dxe4 4. Nxe4 Nd7 5. Bd3 Ngf6 6. Qe2 c5 7. Nf3 cxd4 8.
O-O Nxe4 9. Bxe4 Nc5 10. Rd1 Be7 11. Bf4 Qb6 12. Be5 Nxe4 13. Qxe4 O-O 14. Bxd4
Qc7 15. Be5 Qb6 16. Nd2 f6 17. Nc4 Qc6 18. Qxc6 bxc6 19. Bd6 Kf7 20. Na5 Bd7
21. Rd2 Rfc8 22. Nb7 Be8 23. b4 a6 24. Bxe7 Kxe7 25. Re1 Rcb8 26. Nc5 e5 27. f4
Rxb4 28. fxe5 f5 29. e6 Rc4 30. Nb7 Re4 31. Rxe4 fxe4 32. Nc5 e3 33. Rd3 Rb8
34. Nb3 Kxe6 35. Rxe3+ 1/2-1/2

[Event "I SCS Open GM Chess Tournament"]
[Site "Bhubaneswar IND"]
[Date "2009.06.11"]
[Round "7"]
[White "Srinath, Narayanan"]
[Black "Georgy, Timoshenko"]
[Result "1/2-1/2"]
[WhiteElo "2381"]
[BlackElo "2550"]
[PlyCount "110"]
[EventDate "2009.06.07"]
[EventType "swiss"]
[EventRounds "10"]
[EventCountry "IND"]
[Source "lmi"]
[SourceDate "2009.06.07"]

1. e4 c5 2. Nf3 Nc6 3. d4 cxd4 4. Nxd4 Nf6 5. Nc3 e6 6. Ndb5 d6 7. Bf4 e5 8.
Bg5 a6 9. Na3 b5 10. Nd5 Be7 11. Bxf6 Bxf6 12. c4 b4 13. Nc2 a5 14. Be2 O-O 15.
O-O Nb8 16. a3 b3 17. Nxf6+ Qxf6 18. Ne3 a4 19. Qd5 Ra7 20. Rad1 Rd8 21. Qb5
Bd7 22. Qb4 Nc6 23. Nd5 Qe6 24. Qb6 Rb8 25. Qe3 Rab7 26. h3 Qe8 27. f4 exf4 28.
Qxf4 Ne5 29. Rd4 Be6 30. Nc3 Qc6 31. Rfd1 Rd7 32. Kh1 f6 33. c5 dxc5 34. Rxa4
Rxd1+ 35. Bxd1 Rd8 36. Be2 c4 37. Rb4 h6 38. Nd5 Bxd5 39. exd5 Qxd5 40. Bxc4
Nxc4 41. Rxc4 Qd2 42. Qc7 Kh7 43. Qe7 Qxb2 44. Qxd8 Qa1+ 45. Kh2 Qe5+ 46. Kh1
Qe1+ 47. Kh2 Qe5+ 48. Kh1 Qa1+ 49. Kh2 Qe5+ 50. Kh1 Qe1+ 51. Kh2 Qe5+ 52. Kh1
Qe1+ 53. Kh2 Qe5+ 54. Kh1 Qe1+ 55. Kh2 Qe5+ 1/2-1/2

[Event "I SCS Open GM Chess Tournament"]
[Site "Bhubaneswar IND"]
[Date "2009.06.11"]
[Round "7"]
[White "Yaroslav, Zinchenko"]
[Black "Saha, Suvrajit"]
[Result "1-0"]
[WhiteElo "2531"]
[BlackElo "2380"]
[PlyCount "119"]
[EventDate "2009.06.07"]
[EventType "swiss"]
[EventRounds "10"]
[EventCountry "IND"]
[Source "lmi"]
[SourceDate "2009.06.07"]

1. e4 c5 2. Nf3 d6 3. d4 cxd4 4. Nxd4 Nf6 5. Nc3 a6 6. Be3 e5 7. Nb3 Be6 8. Qd2
Nbd7 9. O-O-O Rc8 10. f4 b5 11. f5 Bc4 12. Kb1 Be7 13. Rg1 Nb6 14. g4 Bxf1 15.
Bxb6 Qxb6 16. Rgxf1 h6 17. h4 b4 18. Nd5 Nxd5 19. Qxd5 Qc6 20. Qd3 O-O 21. Rh1
Rfd8 22. Rd2 Qc4 23. Na5 Qb5 24. Qxb5 axb5 25. h5 Rd7 26. Rd5 Rc5 27. Rhd1 Rdc7
28. R1d2 g6 29. Nb3 Rxd5 30. Rxd5 Rc4 31. Nd2 Rc5 32. a3 gxh5 33. gxh5 bxa3 34.
Rxc5 dxc5 35. c4 Bg5 36. Nf3 a2+ 37. Kxa2 bxc4 38. Nxe5 c3 39. bxc3 Bf6 40. Nd7
Bxc3 41. Kb3 Ba1 42. f6 Bd4 43. Kc4 Kh7 44. Kd5 Kg8 45. e5 Ba1 46. e6 fxe6+ 47.
Kxe6 Bxf6 48. Nxf6+ Kg7 49. Ne8+ Kf8 50. Nd6 Kg8 51. Kf6 Kf8 52. Nc4 Ke8 53.
Kg6 Ke7 54. Kxh6 Kf6 55. Nd2 Kf7 56. Kg5 Kg7 57. h6+ Kf7 58. Kf5 Kg8 59. Kg6
Kh8 60. Nc4 1-0

[Event "I SCS Open GM Chess Tournament"]
[Site "Bhubaneswar IND"]
[Date "2009.06.11"]
[Round "7"]
[White "Nikil P, Shyam"]
[Black "R R, Laxman"]
[Result "1-0"]
[WhiteElo "2376"]
[BlackElo "2521"]
[PlyCount "81"]
[EventDate "2009.06.07"]
[EventType "swiss"]
[EventRounds "10"]
[EventCountry "IND"]
[Source "lmi"]
[SourceDate "2009.06.07"]

1. e4 e5 2. Nf3 Nc6 3. Bb5 a6 4. Ba4 Nf6 5. O-O Be7 6. Re1 b5 7. Bb3 O-O 8. c3
d6 9. d4 Bg4 10. d5 Na5 11. Bc2 c6 12. h3 Bc8 13. dxc6 Qc7 14. Nbd2 Qxc6 15.
Nf1 Nc4 16. a4 Be6 17. Ng5 Bd7 18. b3 Na5 19. Bd2 h6 20. Nf3 Qc7 21. axb5 axb5
22. Qe2 Nb7 23. b4 Rfc8 24. Bd3 Qb6 25. Ne3 Nd8 26. Nd5 Nxd5 27. exd5 f5 28.
Nd4 e4 29. Bxb5 Bxb5 30. Qxb5 Qxb5 31. Nxb5 Nf7 32. Na7 Re8 33. Nc6 Bf6 34. b5
Ne5 35. Rxa8 Rxa8 36. b6 Nd7 37. Rb1 Ra2 38. Bf4 Bxc3 39. b7 Kf7 40. Bxd6 Rd2
41. Be5 1-0

[Event "I SCS Open GM Chess Tournament"]
[Site "Bhubaneswar IND"]
[Date "2009.06.11"]
[Round "7"]
[White "N Sudhakar, Babu"]
[Black "Das, Neelotpal"]
[Result "1/2-1/2"]
[WhiteElo "2341"]
[BlackElo "2514"]
[PlyCount "25"]
[EventDate "2009.06.07"]
[EventType "swiss"]
[EventRounds "10"]
[EventCountry "IND"]
[Source "lmi"]
[SourceDate "2009.06.07"]

1. d4 Nf6 2. c4 c5 3. e3 g6 4. Nc3 Bg7 5. Nf3 O-O 6. Be2 d6 7. O-O Bf5 8. b3
Na6 9. Bb2 Qa5 10. Bd3 Bd7 11. Qd2 Rfe8 12. h3 Rad8 13. d5 1/2-1/2

[Event "I SCS Open GM Chess Tournament"]
[Site "Bhubaneswar IND"]
[Date "2009.06.11"]
[Round "7"]
[White "Rustam, Khusnutdinov"]
[Black "Kutwal, Shashikant"]
[Result "1-0"]
[WhiteElo "2507"]
[BlackElo "2352"]
[PlyCount "98"]
[EventDate "2009.06.07"]
[EventType "swiss"]
[EventRounds "10"]
[EventCountry "IND"]
[Source "lmi"]
[SourceDate "2009.06.07"]

1. g3 Nf6 2. Bg2 g6 3. e4 d6 4. d4 Bg7 5. Nc3 O-O 6. Nge2 c6 7. O-O e5 8. a4 a5
9. h3 exd4 10. Nxd4 Re8 11. Bf4 Nh5 12. Be3 Nd7 13. Re1 Nc5 14. Qd2 Qe7 15.
Rad1 Nf6 16. Bf4 Nfd7 17. b3 Ne5 18. Bh6 Ned3 19. cxd3 Bxd4 20. Rb1 Qf6 21. Nd1
Be6 22. Bg5 Qg7 23. Bh6 Qf6 24. Bg5 Qg7 25. Qc2 f5 26. Ne3 Na6 27. Nc4 Nb4 28.
Qd1 Bxc4 29. dxc4 Na2 30. Qd3 Nc3 31. Rbc1 fxe4 32. Bxe4 Nxe4 33. Rxe4 Rxe4 34.
Qxe4 Rf8 35. Be3 Bxe3 36. Qxe3 Qf7 37. Qd4 Qf6 38. Qd2 Qf5 39. h4 Rf6 40. Rc3
Qb1+ 41. Kg2 Qe4+ 42. f3 Qf5 43. g4 Qf4 44. Qe2 Rf7 45. Re3 d5 46. cxd5 cxd5
47. Re8+ Kg7 48. Qe5+ Qxe5 49. Rxe5 Rd7 1-0

[Event "I SCS Open GM Chess Tournament"]
[Site "Bhubaneswar IND"]
[Date "2009.06.11"]
[Round "7"]
[White "Atanu, Lahiri"]
[Black "Amon, Simutowe"]
[Result "1/2-1/2"]
[WhiteElo "2332"]
[BlackElo "2486"]
[PlyCount "23"]
[EventDate "2009.06.07"]
[EventType "swiss"]
[EventRounds "10"]
[EventCountry "IND"]
[Source "lmi"]
[SourceDate "2009.06.07"]

1. d4 Nf6 2. c4 e6 3. Nc3 Bb4 4. e3 O-O 5. Nf3 c5 6. Bd3 d5 7. O-O Nc6 8. a3
Bxc3 9. bxc3 dxc4 10. Bxc4 Qc7 11. Bb2 e5 12. h3 1/2-1/2

[Event "I SCS Open GM Chess Tournament"]
[Site "Bhubaneswar IND"]
[Date "2009.06.11"]
[Round "7"]
[White "Chowdhury, Roy"]
[Black "Joydeep, Dutta"]
[Result "1-0"]
[WhiteElo "2469"]
[BlackElo "2326"]
[PlyCount "71"]
[EventDate "2009.06.07"]
[EventType "swiss"]
[EventRounds "10"]
[EventCountry "IND"]
[Source "lmi"]
[SourceDate "2009.06.07"]

1. e4 e5 2. Bc4 Nf6 3. d3 Bc5 4. Nf3 Nc6 5. c3 d6 6. h3 h6 7. Nbd2 a6 8. Bb3
Be6 9. Qe2 Qd7 10. Nf1 Ba7 11. Ng3 Ne7 12. Be3 Ng6 13. d4 Qe7 14. O-O O-O 15.
Rfe1 Rfe8 16. Rad1 Nf4 17. Qd2 N6h5 18. Nxh5 Nxh5 19. dxe5 dxe5 20. Bxa7 Bxb3
21. axb3 Rxa7 22. Qd7 Raa8 23. Rd5 Qxd7 24. Rxd7 Rac8 25. Rd5 Nf6 26. Rxe5 Rxe5
27. Nxe5 Re8 28. f4 g5 29. g3 Nh5 30. Ng4 Kg7 31. fxg5 hxg5 32. Re3 Rd8 33. Rf3
Rd1+ 34. Kg2 Rd2+ 35. Rf2 Rd3 36. Rxf7+ 1-0

[Event "I SCS Open GM Chess Tournament"]
[Site "Bhubaneswar IND"]
[Date "2009.06.11"]
[Round "7"]
[White "Upadhyaya, Anwesh"]
[Black "Jha, Sriram"]
[Result "1/2-1/2"]
[WhiteElo "2321"]
[BlackElo "2453"]
[PlyCount "26"]
[EventDate "2009.06.07"]
[EventType "swiss"]
[EventRounds "10"]
[EventCountry "IND"]
[Source "lmi"]
[SourceDate "2009.06.07"]

1. e4 e5 2. Nf3 d6 3. d4 exd4 4. Nxd4 Nf6 5. Nc3 Be7 6. Be2 O-O 7. O-O Re8 8.
f4 Bf8 9. Bf3 c5 10. Nb3 Nc6 11. Re1 a5 12. Be3 a4 13. Nd2 Nd4 1/2-1/2

[Event "I SCS Open GM Chess Tournament"]
[Site "Bhubaneswar IND"]
[Date "2009.06.11"]
[Round "7"]
[White "Ponnuswamy, Konguvel"]
[Black "Gurpreet Pal, Singh"]
[Result "1-0"]
[WhiteElo "2428"]
[BlackElo "2268"]
[PlyCount "75"]
[EventDate "2009.06.07"]
[EventType "swiss"]
[EventRounds "10"]
[EventCountry "IND"]
[Source "lmi"]
[SourceDate "2009.06.07"]

1. e4 e6 2. d4 d5 3. Nc3 Bb4 4. e5 c5 5. a3 Bxc3+ 6. bxc3 Nc6 7. Qg4 g6 8. Bd2
Qb6 9. Nf3 Qb2 10. Rc1 c4 11. h4 h6 12. h5 g5 13. Nh2 f5 14. exf6 Nxf6 15. Qf3
Rf8 16. Qe3 Bd7 17. Be2 Qxa3 18. O-O Ne7 19. Bg4 Qd6 20. f4 O-O-O 21. Ra1 a6
22. Bc1 Nxg4 23. Nxg4 Nf5 24. Qe1 Rg8 25. fxg5 hxg5 26. Ne5 Qc7 27. g4 Nd6 28.
Ba3 Ne4 29. Rf7 Qb6 30. Bb4 Be8 31. Ba5 Qd6 32. Bc7 Qxc7 33. Rxc7+ Kxc7 34. Qe3
Bb5 35. Rf1 Rdf8 36. Rxf8 Rxf8 37. h6 Be8 38. h7 1-0

[Event "I SCS Open GM Chess Tournament"]
[Site "Bhubaneswar IND"]
[Date "2009.06.11"]
[Round "7"]
[White "Subbaraman, Meenakshi"]
[Black "Niaz, Murshed"]
[Result "1/2-1/2"]
[WhiteElo "2303"]
[BlackElo "2407"]
[PlyCount "79"]
[EventDate "2009.06.07"]
[EventType "swiss"]
[EventRounds "10"]
[EventCountry "IND"]
[Source "lmi"]
[SourceDate "2009.06.07"]

1. d4 d6 2. g3 g6 3. Bg2 Bg7 4. e4 Nc6 5. d5 Nb8 6. Ne2 Nf6 7. Nbc3 O-O 8. h3
c6 9. Be3 Nbd7 10. O-O Nb6 11. b3 e6 12. a4 exd5 13. a5 Nbd7 14. exd5 c5 15.
Qd2 a6 16. Bf4 Qc7 17. Rfe1 b5 18. axb6 Nxb6 19. Na4 Nh5 20. Bh6 Bxa1 21. Nxb6
Qxb6 22. Bxf8 Be5 23. Bh6 Bd7 24. Nf4 Nxf4 25. Bxf4 Bf6 26. Bg5 Qd8 27. h4 Bf5
28. Be4 Bxg5 29. hxg5 Qd7 30. Kh2 Bxe4 31. Rxe4 Re8 32. Rxe8+ Qxe8 33. Qf4 Qe7
34. Kg2 Kg7 35. b4 cxb4 36. Qxb4 Qe5 37. c4 a5 38. Qxa5 Qe4+ 39. Kh2 Qxc4 40.
Qa1+ 1/2-1/2

[Event "I SCS Open GM Chess Tournament"]
[Site "Bhubaneswar IND"]
[Date "2009.06.11"]
[Round "7"]
[White "Banerjee, Bitan"]
[Black "P D S, Girinath"]
[Result "1/2-1/2"]
[WhiteElo "2301"]
[BlackElo "2404"]
[PlyCount "23"]
[EventDate "2009.06.07"]
[EventType "swiss"]
[EventRounds "10"]
[EventCountry "IND"]
[Source "lmi"]
[SourceDate "2009.06.07"]

1. d4 d6 2. c4 e5 3. dxe5 dxe5 4. Qxd8+ Kxd8 5. Nc3 c6 6. Nf3 f6 7. b3 Be6 8.
Bb2 Nd7 9. g3 Nh6 10. Bg2 a5 11. O-O Kc7 12. Rac1 1/2-1/2

[Event "I SCS Open GM Chess Tournament"]
[Site "Bhubaneswar IND"]
[Date "2009.06.11"]
[Round "7"]
[White "Shreyansh Daklia, Jain"]
[Black "Roy, Saptarshi"]
[Result "0-1"]
[WhiteElo "2281"]
[BlackElo "2396"]
[PlyCount "118"]
[EventDate "2009.06.07"]
[EventType "swiss"]
[EventRounds "10"]
[EventCountry "IND"]
[Source "lmi"]
[SourceDate "2009.06.07"]

1. e4 d5 2. exd5 Qxd5 3. Nc3 Qa5 4. d4 Nf6 5. Nf3 c6 6. Bc4 Bf5 7. Bd2 Qb6 8.
Bb3 e6 9. O-O Nbd7 10. Re1 O-O-O 11. a4 Qc7 12. Qe2 Bd6 13. a5 h6 14. Bc1 Bg4
15. h3 Bh5 16. g4 Bg6 17. Ne5 Bxe5 18. dxe5 Nd5 19. Nb1 h5 20. g5 Bf5 21. Na3
Kb8 22. a6 b6 23. h4 f6 24. Nc4 b5 25. Nd6 Bg4 26. f3 Nxe5 27. fxg4 Qxd6 28.
gxh5 Qb4 29. Kg2 Qxh4 30. Bxd5 Rxd5 31. Rh1 Qd4 32. c3 Qd3 33. Qxd3 Nxd3 34.
Be3 fxg5 35. Raf1 Nf4+ 36. Bxf4+ gxf4 37. Rxf4 Rg5+ 38. Kf3 Rhxh5 39. Rd1 Rd5
40. Re1 Rhe5 41. Rh1 Kc7 42. Rh7 Rd7 43. Rd4 Rf5+ 44. Ke4 Rfd5 45. b4 Kb6 46.
Rxd5 exd5+ 47. Ke5 Kxa6 48. Ke6 Rc7 49. Kd6 Kb7 50. Rh8 Rf7 51. Rg8 Rf3 52.
Rxg7+ Kb6 53. Rg8 Rxc3 54. Rb8+ Ka6 55. Kc7 d4 56. Rd8 Rc4 57. Rd6 Rxb4 58.
Rxc6+ Ka5 59. Kb7 Rc4 0-1

[Event "I SCS Open GM Chess Tournament"]
[Site "Bhubaneswar IND"]
[Date "2009.06.11"]
[Round "7"]
[White "Chakkravarthy J, Deepan"]
[Black "O T, Anilkumar"]
[Result "1-0"]
[WhiteElo "2482"]
[BlackElo "2227"]
[PlyCount "89"]
[EventDate "2009.06.07"]
[EventType "swiss"]
[EventRounds "10"]
[EventCountry "IND"]
[Source "lmi"]
[SourceDate "2009.06.07"]

1. e4 e6 2. d4 b6 3. Bd3 Bb7 4. Nf3 Nf6 5. Qe2 d5 6. e5 Nfd7 7. c3 Be7 8. Be3
a5 9. Nbd2 c5 10. O-O Ba6 11. Bxa6 Nxa6 12. c4 Nc7 13. Rfd1 O-O 14. Rac1 a4 15.
Nb1 Qb8 16. Nc3 Rd8 17. cxd5 Nxd5 18. Nxd5 exd5 19. Bg5 Bxg5 20. Nxg5 h6 21.
Nxf7 Kxf7 22. e6+ Kg8 23. exd7 Qd6 24. dxc5 bxc5 25. Qc4 Qxd7 26. Qxc5 Rab8 27.
Qd4 Rb5 28. Rc2 Qb7 29. h3 Qb6 30. Qxa4 Rxb2 31. Rxb2 Qxb2 32. Qa5 Rd7 33. Qc5
Qe2 34. Rxd5 Rf7 35. a4 Qe1+ 36. Kh2 Rxf2 37. Rd8+ Kh7 38. Qd5 Rf4 39. a5 Qe4
40. Qg8+ Kg6 41. Rd6+ Rf6 42. Rxf6+ Kxf6 43. Qf8+ Kg6 44. Qa3 Kh7 45. Qa1 1-0

[Event "I SCS Open GM Chess Tournament"]
[Site "Bhubaneswar IND"]
[Date "2009.06.12"]
[Round "8"]
[White "Igor, Kurnosov"]
[Black "Yuriy, Kuzubov"]
[Result "1-0"]
[WhiteElo "2658"]
[BlackElo "2632"]
[PlyCount "59"]
[EventDate "2009.06.07"]
[EventType "swiss"]
[EventRounds "10"]
[EventCountry "IND"]
[Source "lmi"]
[SourceDate "2009.06.07"]

1. e4 c6 2. d4 d5 3. e5 Bf5 4. Nd2 e6 5. Nb3 Nd7 6. Nf3 Ne7 7. Be2 Nc8 8. O-O
Be7 9. Be3 O-O 10. a4 Qc7 11. a5 a6 12. c4 dxc4 13. Bxc4 Na7 14. Qe2 Nb5 15.
Rfd1 Be4 16. Nfd2 Bg6 17. Bf4 b6 18. Nf3 bxa5 19. Nxa5 Nb6 20. Bd3 Bxd3 21.
Qxd3 Rfc8 22. Ng5 Bxg5 23. Bxg5 Nd5 24. Nb3 a5 25. Bd2 a4 26. Nc5 Rd8 27. Bg5
Rdb8 28. Rxa4 Rxa4 29. Nxa4 Nxd4 30. Qxd4 1-0

[Event "I SCS Open GM Chess Tournament"]
[Site "Bhubaneswar IND"]
[Date "2009.06.12"]
[Round "8"]
[White "Abhijeet, Gupta"]
[Black "Sergei, Tiviakov"]
[Result "1/2-1/2"]
[WhiteElo "2570"]
[BlackElo "2697"]
[PlyCount "65"]
[EventDate "2009.06.07"]
[EventType "swiss"]
[EventRounds "10"]
[EventCountry "IND"]
[Source "lmi"]
[SourceDate "2009.06.07"]

1. d4 Nf6 2. c4 e6 3. g3 d5 4. Nf3 Bb4+ 5. Bd2 Be7 6. Bg2 O-O 7. O-O c6 8. Qc2
b6 9. Rd1 Bb7 10. Bf4 Nh5 11. Bc1 Nf6 12. Nc3 Na6 13. a3 dxc4 14. Ne5 Qc8 15.
Nxc4 c5 16. Bxb7 Qxb7 17. dxc5 Nxc5 18. Bg5 h6 19. Bxf6 Bxf6 20. Rac1 Qa6 21.
Ne4 Nxe4 22. Qxe4 Rac8 23. Ne5 Qb5 24. Nd7 Rxc1 25. Nxf6+ gxf6 26. Rxc1 Qxb2
27. Rc7 Qxa3 28. Qg4+ Kh8 29. Qh5 Kg7 30. Qg4+ Kh7 31. Qh5 Kg7 32. Qg4+ Kh7 33.
Qh5 1/2-1/2

[Event "I SCS Open GM Chess Tournament"]
[Site "Bhubaneswar IND"]
[Date "2009.06.12"]
[Round "8"]
[White "Evgeny E, Vorobiov"]
[Black "Chowdhury, Roy"]
[Result "1/2-1/2"]
[WhiteElo "2596"]
[BlackElo "2469"]
[PlyCount "27"]
[EventDate "2009.06.07"]
[EventType "swiss"]
[EventRounds "10"]
[EventCountry "IND"]
[Source "lmi"]
[SourceDate "2009.06.07"]

1. d4 d5 2. c4 e6 3. Nc3 Nf6 4. Nf3 Nbd7 5. Bg5 c6 6. cxd5 exd5 7. e3 Be7 8.
Qc2 O-O 9. Bd3 Re8 10. h3 Nf8 11. O-O-O a5 12. Kb1 Ne4 13. Bxe7 Nxc3+ 14. Qxc3
1/2-1/2

[Event "I SCS Open GM Chess Tournament"]
[Site "Bhubaneswar IND"]
[Date "2009.06.12"]
[Round "8"]
[White "Deep, Sengupta"]
[Black "Roman, Ovetchkin"]
[Result "1/2-1/2"]
[WhiteElo "2466"]
[BlackElo "2549"]
[PlyCount "36"]
[EventDate "2009.06.07"]
[EventType "swiss"]
[EventRounds "10"]
[EventCountry "IND"]
[Source "lmi"]
[SourceDate "2009.06.07"]

1. e4 c6 2. d4 d5 3. e5 Bf5 4. c4 e6 5. Nc3 Nd7 6. Nge2 Ne7 7. Ng3 Bg6 8. a3
dxc4 9. Bxc4 Nb6 10. Bb3 Nf5 11. Nxf5 Bxf5 12. Be3 Be7 13. O-O Bg6 14. f4 h5
15. Rc1 Bf5 16. Ba2 Qd7 17. Qe2 Nd5 18. Bd2 Nxc3 1/2-1/2

[Event "I SCS Open GM Chess Tournament"]
[Site "Bhubaneswar IND"]
[Date "2009.06.12"]
[Round "8"]
[White "M R, Venkatesh"]
[Black "Yaroslav, Zinchenko"]
[Result "0-1"]
[WhiteElo "2432"]
[BlackElo "2531"]
[PlyCount "156"]
[EventDate "2009.06.07"]
[EventType "swiss"]
[EventRounds "10"]
[EventCountry "IND"]
[Source "lmi"]
[SourceDate "2009.06.07"]

1. e4 Nf6 2. e5 Nd5 3. Nc3 Nxc3 4. dxc3 d6 5. Bc4 Nc6 6. Nf3 dxe5 7. Qe2 f6 8.
Nh4 g6 9. f4 e6 10. Nf3 Bd6 11. fxe5 Nxe5 12. Nxe5 Bxe5 13. Bg5 Qe7 14. O-O Bd7
15. Qxe5 fxe5 16. Bxe7 Kxe7 17. Rfe1 Rhf8 18. Rxe5 Rf5 19. Re3 Rf4 20. Bd5 c6
21. Bf3 Rd8 22. Rae1 Bc8 23. R3e2 g5 24. h3 Rh8 25. Re5 h6 26. Kh2 Rhf8 27. Kg3
R8f5 28. R5e2 Rf8 29. Re5 Bd7 30. a3 R4f5 31. R5e2 Rd8 32. Bg4 Rf6 33. Rd1 Bc8
34. Rxd8 Kxd8 35. h4 gxh4+ 36. Kxh4 Ke7 37. Kg3 Bd7 38. Re4 Rf1 39. Rb4 Bc8 40.
Be2 Rf6 41. Rg4 Kf7 42. Rd4 Rg6+ 43. Kf2 Ke7 44. Bd3 Rf6+ 45. Ke3 e5 46. Rh4
Kd6 47. c4 b6 48. b4 Be6 49. Rh5 c5 50. bxc5+ bxc5 51. Rh1 Bd7 52. Be4 Kc7 53.
Rh5 Kd6 54. Rh1 Bc6 55. Bxc6 Kxc6 56. Ke4 Kd6 57. g3 Rg6 58. Kf5 Rg5+ 59. Kf6
Rxg3 60. Rxh6 Rf3+ 61. Kg5+ Kc7 62. Ra6 Kb7 63. Re6 Rxa3 64. Kf5 Rc3 65. Rxe5
Rxc4 66. Ke6 Kc6 67. Re2 a5 68. Ke5 a4 69. Rh2 Kb5 70. Rh8 Rxc2 71. Ra8 Rd2 72.
Ke4 Rd6 73. Ke3 Kb4 74. Rb8+ Kc3 75. Ra8 Re6+ 76. Kf3 c4 77. Rxa4 Kd3 78. Ra3+
c3 0-1

[Event "I SCS Open GM Chess Tournament"]
[Site "Bhubaneswar IND"]
[Date "2009.06.12"]
[Round "8"]
[White "Roy, Saptarshi"]
[Black "Anuar, Ismagambetov"]
[Result "0-1"]
[WhiteElo "2396"]
[BlackElo "2525"]
[PlyCount "52"]
[EventDate "2009.06.07"]
[EventType "swiss"]
[EventRounds "10"]
[EventCountry "IND"]
[Source "lmi"]
[SourceDate "2009.06.07"]

1. d4 Nf6 2. Nc3 e6 3. e4 d5 4. Bg5 Be7 5. Bxf6 Bxf6 6. Nf3 Nc6 7. e5 Be7 8. a3
O-O 9. Bd3 f6 10. Qe2 fxe5 11. dxe5 Bd7 12. h4 a6 13. Ng5 h6 14. Nh7 Rf4 15.
O-O-O Rxh4 16. Rxh4 Bxh4 17. g3 Be7 18. f4 Nd4 19. Qg4 Nf5 20. Qg6 c6 21. Ne4
Kh8 22. Nhf6 Bxf6 23. Nxf6 gxf6 24. Bxf5 exf5 25. exf6 Qg8 26. Qh5 Kh7 0-1

[Event "I SCS Open GM Chess Tournament"]
[Site "Bhubaneswar IND"]
[Date "2009.06.12"]
[Round "8"]
[White "Sergey, Vokarev"]
[Black "Ponnuswamy, Konguvel"]
[Result "1/2-1/2"]
[WhiteElo "2521"]
[BlackElo "2428"]
[PlyCount "73"]
[EventDate "2009.06.07"]
[EventType "swiss"]
[EventRounds "10"]
[EventCountry "IND"]
[Source "lmi"]
[SourceDate "2009.06.07"]

1. e4 c5 2. Nf3 d6 3. d4 cxd4 4. Nxd4 Nf6 5. f3 a6 6. c4 e6 7. Nc3 Qc7 8. Be2
Be7 9. Be3 b6 10. Qd2 Bb7 11. O-O O-O 12. Rfc1 Nbd7 13. b4 Rac8 14. Nb3 Qb8 15.
a3 Bd8 16. Kh1 Bc7 17. Rd1 Rfd8 18. Nd4 Re8 19. Bg1 Kh8 20. Nb3 Rg8 21. Be3 h6
22. a4 Rge8 23. Bg1 d5 24. exd5 exd5 25. Nxd5 Nxd5 26. cxd5 Bf4 27. Qd3 Qd6 28.
b5 axb5 29. Qxb5 Nf6 30. Bc4 Re5 31. Nd2 Bxd5 32. Bxd5 Qxd5 33. Qxd5 Rxd5 34.
Ne4 Rxd1 35. Rxd1 Nxe4 36. fxe4 Rc4 37. Bxb6 1/2-1/2

[Event "I SCS Open GM Chess Tournament"]
[Site "Bhubaneswar IND"]
[Date "2009.06.12"]
[Round "8"]
[White "S  Dhopade, Swapnil"]
[Black "Rustam, Khusnutdinov"]
[Result "1/2-1/2"]
[WhiteElo "2340"]
[BlackElo "2507"]
[PlyCount "91"]
[EventDate "2009.06.07"]
[EventType "swiss"]
[EventRounds "10"]
[EventCountry "IND"]
[Source "lmi"]
[SourceDate "2009.06.07"]

1. d4 Nf6 2. c4 g6 3. Nc3 Bg7 4. e4 O-O 5. f4 c5 6. dxc5 Qa5 7. Bd3 Na6 8. e5
Ne8 9. Nf3 Nxc5 10. O-O d6 11. Nd5 Qd8 12. Bc2 Bg4 13. Be3 Rc8 14. exd6 Nxd6
15. Bd4 Ne6 16. Bxg7 Nxg7 17. b3 b5 18. Qd4 Nxc4 19. bxc4 Rxc4 20. Qd1 e6 21.
Ne3 Qb6 22. Re1 Rxf4 23. Kh1 Bxf3 24. gxf3 h5 25. Qe2 Rd4 26. Rad1 Rfd8 27.
Rxd4 Rxd4 28. Rd1 a6 29. Rd3 Ne8 30. Qd2 Rxd3 31. Qxd3 Nd6 32. Kg2 a5 33. Bb3
Qc5 34. Bc2 Kg7 35. Bb1 Kf6 36. Qd2 a4 37. Qb2+ Qe5 38. Qd2 Ke7 39. Bd3 f5 40.
Nd1 Kf6 41. Nc3 g5 42. Bxb5 Nxb5 43. Qd8+ Kf7 44. Qd7+ Kf6 45. Qd8+ Kf7 46.
Qd7+ 1/2-1/2

[Event "I SCS Open GM Chess Tournament"]
[Site "Bhubaneswar IND"]
[Date "2009.06.12"]
[Round "8"]
[White "B, Adhiban"]
[Black "K, Rathnakaran"]
[Result "1/2-1/2"]
[WhiteElo "2483"]
[BlackElo "2427"]
[PlyCount "75"]
[EventDate "2009.06.07"]
[EventType "swiss"]
[EventRounds "10"]
[EventCountry "IND"]
[Source "lmi"]
[SourceDate "2009.06.07"]

1. d4 Nf6 2. c4 c5 3. Nf3 cxd4 4. Nxd4 e5 5. Nb5 d5 6. cxd5 Bc5 7. N5c3 O-O 8.
e3 e4 9. Nd2 Re8 10. Be2 Bb4 11. O-O Bxc3 12. bxc3 Qxd5 13. Nb3 Qg5 14. Qd6 Nc6
15. Qg3 Qxg3 16. hxg3 Ne5 17. Ba3 Be6 18. Bc5 Bc4 19. Bxc4 Nxc4 20. Rfd1 b6 21.
Bd4 Ng4 22. Kf1 Rac8 23. Ke2 Rc6 24. a4 Nd6 25. Nd2 Nh6 26. a5 Nhf5 27. axb6
axb6 28. Rdb1 b5 29. g4 Ne7 30. f3 exf3+ 31. gxf3 Nd5 32. Kd3 f6 33. Ra7 Rec8
34. Rb3 Nc7 35. Ne4 Nxe4 36. Kxe4 Rb8 37. Rb1 h6 38. f4 1/2-1/2

[Event "I SCS Open GM Chess Tournament"]
[Site "Bhubaneswar IND"]
[Date "2009.06.12"]
[Round "8"]
[White "Georgy, Timoshenko"]
[Black "Nikil P, Shyam"]
[Result "1-0"]
[WhiteElo "2550"]
[BlackElo "2376"]
[PlyCount "63"]
[EventDate "2009.06.07"]
[EventType "swiss"]
[EventRounds "10"]
[EventCountry "IND"]
[Source "lmi"]
[SourceDate "2009.06.07"]

1. d4 Nf6 2. c4 c5 3. d5 b5 4. cxb5 a6 5. e3 axb5 6. Bxb5 Ba6 7. Bxa6 Qa5+ 8.
Nc3 Qxa6 9. Nge2 g6 10. O-O d6 11. a4 Bg7 12. Nb5 Qb7 13. Nec3 O-O 14. e4 Na6
15. Qe2 Ne8 16. Bg5 Nb4 17. Rad1 Ra6 18. f4 e6 19. dxe6 fxe6 20. Qc4 Qf7 21. e5
Nd5 22. Nxd6 Rxd6 23. exd6 Nxd6 24. Qxc5 Bxc3 25. Qxd6 Bxb2 26. Rfe1 Nc3 27.
Rd2 Nxa4 28. Qxe6 Qxe6 29. Rxe6 Nc5 30. Rc6 Bc1 31. Re2 Nd3 32. g3 1-0